Los Baroja (Record no. 18789)

MARC details
000 -LEADER
campo de control de longitud fija 00862nam a2200253 i 4500
001 - NÚMERO DE CONTROL
campo de control 18789
003 - IDENTIFICADOR DE NÚMERO DE CONTROL
campo de control ES-MaACL
005 - FECHA Y HORA DE LA ÚLTIMA TRANSACCIÓN
campo de control 20230906151925.0
007 - CAMPO FIJO DE DESCRIPCIÓN FÍSICA--INFORMACIÓN GENERAL
campo de control de longitud fija t|
008 - DATOS DE LONGITUD FIJA--INFORMACIÓN GENERAL
campo de control de longitud fija 020201s1998 sp ||||0| spa j
020 ## - NÚMERO INTERNACIONAL ESTÁNDAR DEL LIBRO
Número Internacional Estándar del Libro 84-7173-327-7
040 ## - FUENTE DE CATALOGACIÓN
Centro catalogador/agencia de origen M-BN
Lengua de catalogación spa
Centro/agencia transcriptor M-BN
080 ## - NÚMERO DE LA CLASIFICACIÓN DECIMAL UNIVERSAL
Número de la Clasificación Decimal Universal 929.52 Baroja (063)
245 04 - MENCIÓN DEL TÍTULO
Título Los Baroja
Resto del título : memoria y lección.
260 ## - PUBLICACIÓN, DISTRIBUCIÓN, ETC.
Lugar de publicación, distribución, etc. [San Sebastián] :
Nombre del editor, distribuidor, etc. Kutxa Fundazioa = Fundación Kutxa,
Fecha de publicación, distribución, etc. [1998]
300 ## - DESCRIPCIÓN FÍSICA
Extensión 240 p :
Otras características físicas il. col. y n ;
Dimensiones 30 cm.
490 1# - MENCIÓN DE SERIE
Mención de serie Colección "Hombres del país" ;
Designación de volumen o secuencia 14
500 ## - NOTA GENERAL
Nota general "Cursos de Verano, Universidad del País Vasco, Donostia, 26-29-VIII-1996"
600 14 - PUNTO DE ACCESO ADICIONAL DE MATERIA--NOMBRE DE PERSONA
Nombre de persona Baroja (Familia)-
Subdivisión de forma Congresos y asambleas.
9 (RLIN) 25761
710 2# - ENTRADA AGREGADA--NOMBRE DE ENTIDAD CORPORATIVA
Nombre de entidad corporativa o nombre de jurisdicción como elemento de entrada Fundación Kutxa.
9 (RLIN) 4354
830 0# - PUNTO DE ACCESO ADICIONAL DE SERIE-TÍTULO UNIFORME
Título uniforme Colección "Hombres del país" ;
Designación de volumen o secuencia 14
9 (RLIN) 228830
852 ## - LOCALIZACIÓN
Ubicación ES-MaACL
Número de control de estantería L-25275
Sublocalización o colección R.130442
Holdings
Estatus retirado Estado de pérdida Estado de daño No para préstamo Biblioteca de origen Biblioteca actual Ubicación en estantería Fecha de adquisición Fuente de adquisición Total de préstamos Signatura topográfica completa Código de barras Visto por última vez Precio de reemplazo Tipo de ítem Koha
        Biblioteca del Ateneo de Madrid Biblioteca del Ateneo de Madrid Depósito 2 17/01/2008     L-25275 1019226 23/02/2023 23/02/2023 Libro impreso